|
|
|
|
| LEADER |
00000naa a2200000 c 4500 |
| 001 |
1552330672 |
| 003 |
DE-627 |
| 005 |
20170126084917.0 |
| 007 |
cr uuu---uuuuu |
| 008 |
170126s2016 xx |||||o 00| ||ger c |
| 024 |
7 |
|
|a 10.1007/s41059-016-0021-4
|2 doi
|
| 035 |
|
|
|a (DE-627)1552330672
|
| 035 |
|
|
|a (DE-576)482330678
|
| 035 |
|
|
|a (DE-599)BSZ482330678
|
| 040 |
|
|
|a DE-627
|b ger
|c DE-627
|e rda
|
| 041 |
|
|
|a ger
|
| 100 |
1 |
|
|a Zahradnik, Franz
|e VerfasserIn
|0 (DE-588)1046372939
|0 (DE-627)776185772
|0 (DE-576)399688137
|4 aut
|
| 109 |
|
|
|a Zahradnik, Franz
|
| 245 |
1 |
0 |
|a Zwischen Aufarbeitung und Befähigung – Integrationskonflikte von Straftätern während und nach einer Vollzugsmaßnahme für junge Erwachsene in der Schweiz
|c Franz Zahradnik, Jakob Humm
|
| 264 |
|
1 |
|c 2016
|
| 336 |
|
|
|a Text
|b txt
|2 rdacontent
|
| 337 |
|
|
|a Computermedien
|b c
|2 rdamedia
|
| 338 |
|
|
|a Online-Ressource
|b cr
|2 rdacarrier
|
| 700 |
1 |
|
|a Humm, Jakob
|d 1964-
|e VerfasserIn
|0 (DE-588)1129267776
|0 (DE-627)883866641
|0 (DE-576)482330376
|4 aut
|
| 773 |
0 |
8 |
|i Enthalten in
|t Soziale Probleme
|d Weinheim : Beltz Juventa, 1990
|g 27(2016), 2, Seite 179-202
|h Online-Ressource
|w (DE-627)646511386
|w (DE-600)2593447-8
|w (DE-576)337573751
|x 2364-3951
|7 nnas
|
| 773 |
1 |
8 |
|g volume:27
|g year:2016
|g number:2
|g pages:179-202
|
| 856 |
4 |
0 |
|u http://dx.doi.org/10.1007/s41059-016-0021-4
|x Resolving-System
|3 Volltext
|7 1
|
| 951 |
|
|
|a AR
|
| ELC |
|
|
|a 1
|
| LOK |
|
|
|0 000 xxxxxcx a22 zn 4500
|
| LOK |
|
|
|0 001 2951988745
|
| LOK |
|
|
|0 003 DE-627
|
| LOK |
|
|
|0 004 1552330672
|
| LOK |
|
|
|0 005 20170126084917
|
| LOK |
|
|
|0 008 170126||||||||||||||||ger|||||||
|
| LOK |
|
|
|0 040
|a DE-21-110
|c DE-627
|d DE-21-110
|
| LOK |
|
|
|0 689
|a s
|a Desistance
|
| LOK |
|
|
|0 689
|a s
|a Resozialisierung
|
| LOK |
|
|
|0 689
|a s
|a Reintegration
|
| LOK |
|
|
|0 689
|a s
|a Haftentlassung
|
| LOK |
|
|
|0 689
|a s
|a Junge Erwachsene
|
| LOK |
|
|
|0 689
|a g
|a Schweiz
|
| LOK |
|
|
|0 852
|a DE-21-110
|
| LOK |
|
|
|0 852 1
|9 00
|
| LOK |
|
|
|0 935
|a krub
|
| LOK |
|
|
|0 939
|a 26-01-17
|b l01
|
| OAS |
|
|
|a 1
|b inherited from superior work
|
| ORI |
|
|
|a SA-MARC-krimdoka001.raw
|